[Event "EU-chT (Men) 11th"]
[Site "Pula"]
[Date "1997.05.??"]
[Round "4.1"]
[White "Krasenkow, Michal"]
[Black "Cvitan, Ognjen"]
[Result "1-0"]
[WhiteElo "2615"]
[BlackElo "2550"]
[Annotator "Tisdall,J"]
[PlyCount "99"]
[EventDate "1997.05.05"]
[EventType "team-swiss"]
[EventRounds "9"]
[EventCountry "CRO"]
[SourceTitle "CBM 057 Extra"]
[Source "ChessBase"]
[SourceDate "1997.05.01"]
[SourceVersion "1"]
[SourceVersionDate "1997.05.01"]
[SourceQuality "1"]
[WhiteTeam "Poland"]
[BlackTeam "Croatia II"]
[WhiteTeamCountry "POL"]
[BlackTeamCountry "CRO"]

1. c4 {Krasenkow} Nf6 2. Nf3 b6 3. g3 Bb7 4. Bg2 e6 5. O-O c5 6. Nc3 Be7 7. Re1
{This is one of the most dangerous lines against Black's "Hedgehog" set-up.
Rather than allow white to play e4 and d4, black steers play back to a Queen's
Indian type of position, where the move Re1 may not be optimal.} d5 8. cxd5
exd5 9. d4 O-O 10. Bf4 Na6 11. Rc1 {Immediately clarifying the center with} (
11. dxc5 $5 {was preferred in the heavyweight encounter Gelfand-Karpov.} Nxc5 (
11... bxc5 12. Ne5 {/\ e4} Nc7 13. Nc4 Ne6 14. Be5 {Gelfand}) 12. Rc1 a6 13. a3
Re8 14. Nd4 Bd6 15. Bxd6 Qxd6 16. Qd2 Rad8 17. Red1 g6 18. Qf4 $1 Qxf4 19. gxf4
$14 {Gelfand,B-Karpov,A/Vienna Millenium 1996/1-0 (69)}) 11... Re8 12. dxc5 (
12. a3 $5 h6 $6 13. Ne5 Bf8 14. Nb5 Ne4 15. dxc5 Naxc5 16. b4 Ne6 17. Be3 $16 {
1-0 Shulman,Y-Murdzia,P/EU-chJM U20 Holon 1995 (29), but black's play was
rather planless here.}) 12... bxc5 (12... Nxc5 $5 {Krasenkow}) 13. Ne5 {/\14.e4
} Bd6 14. Nd3 Rb8 15. Bg5 Be7 (15... Nc7 $6 {Krasenkow} 16. e4 $1) 16. Qa4 {
[%csl Yc5,Yd5] Threatening to take on f6 and d5. The pressure on the hanging
pawns forces black to commit himself.} c4 17. Nf4 (17. Bxf6 cxd3 (17... Bxf6 {
Krasenkow} 18. Nf4 Nc7 19. Qxa7 Ba8 $44) 18. Bxe7 Qxe7 $36) 17... Nc5 18. Qd1 (
18. Qc2 {Krasenkow} d4 19. Bxf6 Bxf6 20. Ncd5 Ba6 $1 $13) 18... d4 19. Bxf6
Bxf6 20. Ncd5 Bxd5 $6 (20... Ne6 $142 $5 21. Nxf6+ (21. Rxc4 Nxf4 22. Nxf4 Bxg2
23. Kxg2 Rxb2 24. Qa4 g5 $5) 21... Qxf6 22. Nxe6 fxe6 23. Bxb7 Rxb7 24. Rxc4
Rxb2 25. Rxd4 Rxa2 26. Ra4 $14) (20... Ba6 $1 {Krasenkow} 21. Nxf6+ gxf6 $1 (
21... Qxf6 22. Nd5) 22. Nd5 (22. e3 $6 dxe3 23. Qg4+ Kh8 24. fxe3 Nd3 $17)
22... d3 23. exd3 (23. b4 $2 cxb3 $1 24. Rxc5 b2 (24... bxa2 25. Qa1 d2 26. Rf1
Rb1 27. Nxf6+ Kf8 28. Nxh7+ Kg8 29. Nf6+ Kf8 $11) 25. Qb1 d2 26. Rd1 Rxe2 27.
Be4 (27. Nc3 Bd3 28. Rd5 Bxb1 29. Rxd8+ Rxd8 30. Nxe2 Bc2 $19) 27... Rxe4 $1
28. Qxe4 Be2 $1 29. Ne7+ Kg7 $1 (29... Qxe7 30. Qxe7 Bxd1 31. Rg5+ fxg5 32.
Qxg5+ Kf8 33. Qc5+ Kg8 $11) (29... Kf8 30. Qxe2 Qxe7 31. Qxe7+ Kxe7 32. Rb1 Rd8
33. Rd1 Rb8 $11) 30. Qxe2 b1=Q 31. Nc6 (31. Qg4+ Kh8 32. Nc6 Qe8) 31... Qdd3
32. Qg4+ Qg6 33. Nxb8 Qxg4 34. Rxb1 d1=Q+ 35. Rxd1 Qxd1+ 36. Kg2 Qd4 $19) 23...
Rxe1+ 24. Qxe1 Nxd3 25. Qc3 Nxc1 26. Nxf6+ Kh8 27. Nd5+ f6 28. Qxc1 $44 {xKh8})
21. Nxd5 Rxb2 22. Rxc4 Ne6 (22... Qa5 {Krasenkow} 23. Nxf6+ gxf6 24. Rxd4 Rxa2
25. e3 {xKg8}) 23. Qa4 $1 Qb8 24. Nxf6+ gxf6 25. Bd5 {White aims for a small
but nagging advantage, based simply on the more exposed black king. Also
possible was} (25. h4 $5 {to prepare Bf3 and free the Re1.}) (25. Rc2 $5 $14 {
Krasenkow}) 25... Kg7 (25... Rb1 {Krasenkow} 26. Qxe8+ Qxe8 27. Rxb1 $16) (
25... Rxe2 $1 {Krasenkow} 26. Rxe2 Qb1+ 27. Kg2 Nf4+ 28. gxf4 (28. Kf3 Rxe2 29.
Rc8+ (29. gxf4 $2 Qd3+ 30. Kg2 (30. Kg4 h5+ 31. Kh4 Qf5 $19) 30... Qe3 $19) (
29. Kxf4 $2 Rxf2+ 30. Bf3 Qd3 31. Rc8+ Kg7 32. Qc6 Qe3+ 33. Kg4 Rxh2 $19) 29...
Kg7 30. Qxd4 Qf5 $1 31. Qxf4 (31. gxf4 $2 Re1 $1 $19) (31. Qc4 h5 $1 (31... Re1
32. Be4) 32. h3 $2 (32. Qxf4) 32... Re1 $1 33. Be4 Qxh3 $19) 31... Qd3+ 32. Kg2
Qxd5+ 33. Qf3 Qxf3+ 34. Kxf3 Rxa2 $11) 28... Qg6+ 29. Kh1 Qb1+ 30. Rc1 Qxc1+
31. Kg2 Rxe2 32. Qd7 Rxf2+ (32... Re6 33. Bxe6 fxe6 34. Qxe6+ Kg7 35. Qd7+ Kg6
36. Qxd4 $16) 33. Kxf2 Qxf4+ 34. Kg1 Qe3+ 35. Kg2 Qe2+ 36. Kg3 Qe1+ $11) 26.
Bxe6 Rxe6 27. Rxd4 Rexe2 28. Rxe2 Rxe2 29. Rg4+ (29. Rd7 {Krasenkow} Qb1+ {
/\30...Qf5}) 29... Kh8 $14 {+/-} 30. Qc6 Qd8 (30... Re6 31. Qf3 (31. Qd7 Qa8
$132)) 31. Ra4 a5 {/\Re2-e5,h7-h5} 32. Rf4 Re6 33. Qf3 Kg7 34. Qg4+ (34. Rg4+
Kh8 35. Rh4 Re5) 34... Kh8 35. Qh5 Qa8 (35... Re1+ $6 {Krasenkow} 36. Kg2 Qd3
37. Kh3 Qf1+ 38. Kh4 Qg2 39. h3 $16) 36. Rf3 (36. Qd1 $5 {Krasenkow} Qe8 37.
Qf3 $14) 36... Kg7 37. Qg4+ (37. h4 {Krasenkow} Qe4 $1) 37... Kh8 38. h4 (38.
Qf5 {looks like a more controlled way to proceed.}) 38... Qd5 39. Qf5 (39. a3
$5 {Krasenkow}) 39... Qxa2 (39... Qxf5 40. Rxf5 {is very unpleasant for black
due to the weakness of the a-pawn and the absence of counterplay against
white's pawns.}) 40. Rd3 Qa1+ $6 (40... Qb1+ $142 41. Kh2 Qb6 {should be
without real danger for black.}) (40... Qa4 {Krasenkow}) 41. Kh2 Qa4 $6 (41...
Re1 {was safer. It soon becomes clear that black faces a grim defensive task
if he cannot generate some counterplay against the enemy king.} 42. Rd8+ Kg7
43. Qg4+ Kh6 44. Rd5 Rh1+ 45. Kg2 Rg1+ $11) (41... Re8 {Krasenkow}) 42. Qc5 (
42. Rd5 Qe4 $11) 42... Re8 $6 (42... Qb4 $5 43. Rd8+ Kg7 44. Qc8 Re2 45. Rg8+ (
45. Rh8 {Krasenkow} Rxf2+ 46. Kh3 Kh6 47. Qg8 Qe4 48. Qf8+ Kh5 49. Qxf7+ Kh6
$11) 45... Kh6 46. Rg4 (46. Kh3 $1 Rxf2 $2 (46... Qd6 $1 47. Rg4 (47. g4 $5)
47... Qd5 48. Qf8+ Kh5 49. f3 Qa2 50. Qc5+ Re5 51. Qf8 $11) 47. Rg4 Qe7 48.
Qc1+ $1 (48. Qg8 Rh2+ 49. Kxh2 Qe2+ $11) 48... Kh5 49. Rg7 Rf3 $8 50. Rxh7+ Kg6
51. Qh6+ Kf5 52. Qh5+ $36) (46. Qf5 Qd4 47. Kg1 Qa1+ $1 48. Kh2 Qe5 $11) 46...
Qe1 $1 47. Qf8+ Kh5 48. Rg5+ fxg5 49. Qxf7+ Kg4 $19) 43. Qd6 $1 Kg7 44. Rd4 Qa1
$6 (44... Re6 45. Qc5 Rc6 (45... Qe8 $16 {+/=}) (45... Qe8 $1 {Krasenkow} 46.
Qxa5 Re4 $1 47. Rd8 Qe5 48. Rd5 Qb2 $11 {/\49...Re5}) 46. Qd5 Qc2 47. Rg4+ Kh6
48. Rf4 $16) 45. h5 h6 $2 (45... Re5 46. Rg4+ Rg5 47. Rxg5+ fxg5 48. h6+) (
45... Qb2 46. h6+ Kg6 47. Rg4+ Kf5 (47... Kh5 48. Rh4+ (48. Qf4 {Krasenkow} Qe5
(48... Re5 49. Rg8 $18) 49. Qf3 Kxh6 50. Qg2 Qh5+ 51. Rh4 $18) 48... Kg6 49.
Qd3+ f5 50. Rg4+ Kf6 51. Qd6+ Re6 52. Qd8+ Ke5 53. Qxa5+ $16) 48. Kh3 $1 $40 {
+-} (48. Qf4+ Ke6 49. Qe3+ Kd7 50. Qa7+ $18)) 46. Rg4+ Kh7 47. Qd3+ (47. Qd7 {
Krasenkow} Rf8 48. Qe7 f5 $1) 47... Kh8 48. Qd2 Kh7 49. Rg6 $1 fxg6 50. Qd7+ (
50. Qd7+ Kg8 51. Qxe8+ Kg7 52. Qe7+ Kg8 53. hxg6 $18) 1-0

[Event "NED-ch52"]
[Site "Rotterdam"]
[Date "1997.06.27"]
[Round "6"]
[White "Piket, Jeroen"]
[Black "Van der Wiel, John"]
[Result "0-1"]
[WhiteElo "2640"]
[BlackElo "2555"]
[Annotator "Tisdall,J"]
[PlyCount "60"]
[EventDate "1997.06.21"]
[EventType "tourn"]
[EventRounds "11"]
[EventCountry "NED"]
[EventCategory "12"]
[SourceTitle "CBM 060"]
[Source "ChessBase"]
[SourceDate "1997.09.29"]
[SourceVersion "1"]
[SourceVersionDate "1997.09.29"]
[SourceQuality "1"]

1. d4 {VanderWiel} Nf6 2. c4 e6 3. Nf3 b6 4. g3 Bb7 5. Bg2 Be7 6. O-O O-O 7. d5
exd5 8. Nh4 c6 9. cxd5 Nxd5 10. Nf5 Nc7 11. e4 d5 12. Re1 {Barlov's refinement
which led to a few nice white wins in this gambit line.} dxe4 (12... Ne6 $2 13.
exd5 cxd5 14. Nc3 Bb4 15. Qg4 $1 Bxc3 16. bxc3 Qf6 17. Ba3 $16 {led to an
overwhelming white win in Sosonko-Tiviakov, Polanica Zdroj 1995, 1-0, 30.}) (
12... Bf6 $5 {is black's most testing defence in my opinion. After} 13. e5 Be7
(13... Bc8 $5 {has also been played.}) 14. Qg4 g6 15. Nxe7+ {white will have
attacking chances based on the weakened dark squares on the kingside, but
black is solid and has managed to keep the position closed.}) 13. Nc3 $5 {
An odd place for a novelty. Black has yet to demonstrate a fully convincing
continuation after} (13. Qg4 Bf6 14. Nc3 Bc8 15. Bxe4 Nd5 $2 (15... Bxf5 16.
Qxf5 g6 17. Qf3 Ne6 18. Bh6 Bg7 19. Rad1 Qc7 20. Be3 {with ample compensation
according to Barlov, which certainly looks true. White should get good
entertainment value from the bishop pair, active forces and lead in
development, though black is also quite solid if he can find a sensible way to
return the pawn and complete mobilization.}) 16. Bh6 g6 17. Bxf8 Kxf8 18. Bxd5
Bxf5 19. Qb4+ Be7 20. Qb3 cxd5 21. Nxd5 Be6 {1-0 Barlov,D-Abramovic,B/JUG-chT
Igalo 1994/EXT 94ch}) 13... Bc8 14. Nxe7+ Qxe7 15. Bxe4 {An interesting new
start position. White has typical compensation (bishop pair, activity and many
open lines) and in comparision to Barlov's line, black has a light-squared
rather than dark-squared bishop. The absence of black's dark-squared bishop
should give white even more chances to develop an initiative. At first glance
Piket's idea looks to be at least as promising as previous theory.} Be6 16. Bf4
(16. Qh5 $5) 16... Rd8 17. Qh5 h6 18. Re3 (18. g4 $5) (18. Bxh6 {Van der Wiel}
gxh6 19. Qxh6 f6 20. Bf5 Nd7 21. Qg6+ (21. Re4 Ne5) 21... Kf8 $11) (18. Bf5 {
Van der Wiel} Nd5 $1) 18... Ne8 19. Bf5 $6 {Since it proves impossible to
break through on e6, this only lessens the pressure a bit by removing the
bishop's gaze from c6.} (19. Rae1 $5 Nf6 20. Qh4 $40 Qf8 (20... g5 $2 21. Qxh6
$1 gxf4 22. gxf4 $18) 21. Bxh6 Nxe4 22. Bxg7 Kxg7 23. Rxe4 $44) 19... Nd7 $1 {
Cool defence, the transfer of this piece to f8 considerably blunts white's
attack.} (19... g6 $2 20. Bxg6 fxg6 21. Qxg6+ Ng7 22. Bxh6 $18) (19... Nf6 20.
Qe2 Re8 21. Rd1 $5 $14) 20. Rae1 (20. Bxe6 fxe6 21. Qg4 Nf8 22. Bxh6 Nf6 23.
Bg5 (23. Qg5 Kh8) 23... Nxg4 24. Bxe7 Rd7 25. Re4 Nxf2 $17) 20... Nf8 21. Qf3
Rac8 22. h4 Qf6 {Black continues to make gradual progress, slowly unravelling
his pieces. This drives white back and prepares Ng6.} 23. Bc2 Ng6 {Now white's
compensation has evaporated - his bishop pair devalued while black remains
solid. White tries some tactical confusion.} 24. Rxe6 fxe6 25. Rxe6 Qxe6 26.
Bb3 Nxf4 $1 {By far the simplest way to win.} 27. gxf4 Rd5 28. Nxd5 Qg6+ $1 29.
Kh2 cxd5 30. Qxd5+ Kf8 0-1

[Event "ROM-ch"]
[Site "Bucharest"]
[Date "1998.12.20"]
[Round "12"]
[White "Cosma, Ioan"]
[Black "Itkis, Boris"]
[Result "1/2-1/2"]
[WhiteElo "2475"]
[BlackElo "2465"]
[Annotator "Tisdall,J"]
[PlyCount "146"]
[EventDate "1998.12.08"]
[EventType "tourn"]
[EventRounds "15"]
[EventCountry "ROU"]
[EventCategory "9"]
[SourceTitle "CBM 069"]
[Source "ChessBase"]
[SourceDate "1999.04.01"]
[SourceVersion "1"]
[SourceVersionDate "1999.04.01"]
[SourceQuality "1"]

1. d4 Nf6 2. Nf3 e6 3. g3 b6 4. Bg2 Bb7 5. O-O Be7 6. c4 O-O 7. Re1 d5 8. cxd5
exd5 9. Nc3 Na6 10. Bf4 Re8 (10... h6 $5 {is one of black's most successful
options.} 11. Qc2 (11. Ne5 c5 12. Rc1 Re8 13. Qa4 cxd4 14. Nb5 Nc5 15. Qxd4
Nfe4 $36 {and white had problems since the queen is very awkwardly placed
doing duty on d4. 0-1 Andonov,B-Eingorn,V/Saint John 1988/CBM 06 (36)}) 11...
c5 12. Rad1 Qc8 13. dxc5 (13. a3 Rd8 14. Be5 $6 Qe6 15. dxc5 bxc5 16. e3 Nd7
17. Qb3 Nxe5 18. Qxb7 $4 Rab8 19. Qxa7 Rd7 {0-1 Jimenez,V-Pogorelov,R/Linares
1995/CBM 45 ext (19)}) 13... bxc5 14. Nh4 Nb4 15. Qb1 d4 16. Nf5 $36 {1-0
Lingnau,C-Loginov,V/Berlin 1995/CBM 47 ext (37)}) (10... Qc8 11. Ne5 (11. Rc1
Rd8 (11... c5 12. Be5 Rd8 13. a3 Qd7 14. Bf4 h6 15. dxc5 bxc5 16. Qb3 g5 $6 17.
Ne5 Qc8 18. Bd2 Rb8 19. e4 c4 20. Qc2 d4 21. Nd5 $16 {Nogueiras,J-Pogorelov,R/
Alcobendas op (03) 1994}) 12. Ne5 c5 13. dxc5 bxc5 14. e4 Nxe4 15. Nxe4 dxe4
16. Qb3 Bd5 17. Qe3 f6 18. Nc4 f5 19. f3 Bf6 20. Be5 Bxe5 21. Nxe5 Re8 22. Qf4
exf3 23. Bxf3 Bxf3 24. Nxf3 Qb7 25. Qxf5 $14 {Ehlvest,J-Wojtkiewicz,A/Haninge
1990}) 11... c5 $5 12. dxc5 Bxc5 (12... Nxc5 $2 13. Nxd5 Bxd5 14. Bxd5 $16) 13.
e3 (13. Nxd5 $2 Nxd5 14. Bxd5 Bxf2+ 15. Kxf2 Qc5+) (13. Rc1 $5 Qe6 (13... d4
14. Bxb7 Qxb7 15. Nb5 Rad8 16. Bg5 $16) 14. Nd3 $14) 13... Bb4 $5 (13... Qe6 {
/\g5} 14. Nd3 $14) 14. Rc1 Qe6 15. Nd3 Bxc3 16. Rxc3 Ne4 17. Rc1 f6 {/\g5} 18.
g4 Rac8 19. h3 Rxc1 20. Nxc1 $14 {1/2-1/2 Kramnik,V-Ehlvest,J/Horgen 1995/CBM
50/[Dautov] (39)}) (10... Ne4 11. Qc2 (11. Rc1 c5 12. dxc5 Naxc5 13. Be5 Re8
14. a3 Bf8 15. Bd4 Qd7 16. e3 Rac8 17. Bxc5 Nxc3 18. Rxc3 bxc5 $15 {1/2-1/2
Gausel,E-Akesson,R/Munkebo 1998/CBM 67 (62)}) 11... Bf6 12. Rad1 Nxc3 13. bxc3
$5 Qe7 $6 14. e4 $1 $36 {0-1 Schlosser,P-Enders,P/Passau 1998/EXT 99 (49)}) 11.
Rc1 Nh5 $5 {A lively move that appears to be new.} (11... c5 12. dxc5 bxc5 13.
Qb3 Qb6 14. Ne5 Qxb3 15. axb3 Ne4 (15... h6 16. Nd3 g5 17. Bd2 Rab8 18. Na4 d4
19. Bxb7 Rxb7 {1/2-1/2 Kengis,E-Almasi,Z/Bern 1996/CBM 51 ext (19)}) 16. Red1
Rad8 17. Nxe4 dxe4 18. Nc4 Bd5 19. Bh3 Bc6 20. Nd6 Bxd6 21. Rxd6 Bb5 $11 {
1-0 Khalifman,A-Stefansson,H/Aarhus 1997/CBM 60 (70)}) 12. Be5 (12. Be3 $5)
12... f6 13. Bf4 Nxf4 14. gxf4 Qd7 {A very logical move, preparing to
strengthen his presence on the d-line, and also eyeing the kingside. In the
meantime, white can try to prepare pressure against d5, and try to create
kingside chances.} 15. e3 c5 {This will occur sooner or later. It does allow
white to create more pressure against the d5 pawn, but by undermining white's
control of e5 black also creates the possibility of chipping open the kingside
with ...g5, which could exploit his possession of the bishop pair, and white's
pawn strucutre, if properly timed.} 16. a3 Nc7 (16... Rad8 {is more flexible.})
17. dxc5 bxc5 18. Re2 $1 Rad8 19. Rd2 Kh8 (19... Qg4 $5 {was a serious option,
in order to play Qh5 and Ne6 or ...g5, while preventing Bh3.}) 20. Nh4 g6 $2 {
I find this baffling. It seems to me that} (20... g5 {is a desirable move, and
why not play it if begged?}) 21. Ne4 Qb5 22. Ng3 {White has managed to change
the focus of play, and avoided black kingside aggression. The further course
of the game demonstrates that black has lost the thread. Now white has two
positional ideas, the obvious b4, and the hidden one exectued in the game.} Qb6
(22... Bf8 $1 {opening the second rank for defence looks better, as b4 is not
clearly desirable for white.}) 23. f5 $1 g5 24. Ng6+ $1 Kg8 (24... hxg6 $4 25.
fxg6 Kg7 26. Qh5 $18 {[%csl Rf5,Rh7]}) 25. Nxe7+ Rxe7 26. b4 $1 {A very nice
sequence by white who now takes control. He has relieved black of the bishop
pair and now creates targets the hanging pawns.} cxb4 (26... c4 $4 {is no
longer an option since} 27. Rxc4 {exploits one of the other achievements of
the white raid on moves 23-25.}) 27. axb4 Rde8 {Unpinning the d-pawn. Despite
white's obvious progress, the position still offers mutual chances.} (27...
Qxb4 $4 28. Rb1) 28. Rdc2 {White has a tricky attacking idea in mind. There
are many tempting ideas, but no clear way to further improve white's position.}
(28. h4 $5 gxh4 29. Qg4+ Rg7 30. Qxh4 Rxe3 $2 (30... Kh8 $13) 31. Nh5 $1) (28.
Rd4 $5) 28... Rd8 (28... Kh8 $1) 29. h4 gxh4 30. Qg4+ Kh8 31. Qxh4 Rg8 (31...
Rg7 32. Nh5) 32. Rc6 $5 {[%mdl 2560] A very promising sacrifice that allows
white to seize the initiative.} Bxc6 33. Qxf6+ Reg7 34. Rxc6 Qb7 35. b5 $1 (35.
Nh5 $2 Ne8 36. Qc3 d4 $1 37. Qxd4 Qxc6 38. Nxg7 Qc1+ 39. Kh2 Qc7+ $19) 35...
Ne8 $1 (35... Nxb5 36. Nh5 {clearly gives white the upper hand, though black
can confuse things with} d4 $5 {. I would imagine that time pressure was
raging by now.}) 36. Qb2 Qf7 (36... Nc7 $5 37. Nh5 $2 (37. Qf6 Ne8 38. Qe5 (38.
Qb2 $11 {or transposes to the game.}) 38... Qe7 {transposes to the game.} (
38... Qxb5 39. Bxd5 Rf8 40. e4 {gives white the same type of dangerous
compensation as the game.})) 37... Qxb5) 37. Qe5 Qe7 38. Re6 $6 (38. Qxe7 Rxe7
39. f6 Rd7 40. f7 Rxf7 41. Bxd5 Rb7 42. Ra6 {is one route to a very clear
advantage.}) (38. Qd4 $1 {is also very unpleasant.}) 38... Qf7 39. Bxd5 $6 (39.
Rc6 $5) 39... Rf8 (39... Nc7 $5 40. Rd6 Nxd5 41. Rxd5 Re8 {or} (41... h5 $5 {
give black reasonable defensive chances.})) 40. Rc6 Qe7 41. Re6 (41. Qxe7 Rxe7
42. Rc8 $1 {and white's bind seems to give black little choice but} Kg7 43.
Nh5+ Kh6 44. f6 Re5 45. f7 Rxd5 46. fxe8=Q Rxe8 47. Rxe8 {which should be a
winning rook ending.}) 41... Qf7 42. e4 $5 {It seems like a big concession to
surrender the bishop and the homogenous pawn structure, but the passed pawns
and active pieces continue to give black major headaches.} (42. Rc6 $5) 42...
Nc7 43. Rc6 Nxd5 44. exd5 Qxf5 {This is grim, but rook endings do have their
attractions.} 45. Qxf5 $1 Rxg3+ (45... Rxf5 $4 46. Rc8+ Rg8 47. Rxg8+ Kxg8 48.
Nxf5) 46. fxg3 Rxf5 47. d6 Rd5 (47... Kg7 48. d7 Rd5 49. Rc7 $18) 48. Kf2 (48.
Ra6 $5 Kg8 (48... Rxb5 49. Rxa7 $18) (48... Kg7 49. Rxa7+ Kf6 (49... Kg6 50. d7
) 50. d7) (48... Rd2) 49. Rxa7 Rxd6 50. Rb7 Rd2) 48... Kg7 49. Rc7+ Kf6 $1 50.
Rxh7 (50. Rxa7 Rxb5 51. Rxh7 Rb3 {makes little difference.}) 50... Rxb5 51.
Rxa7 Rb3 52. Kg2 Rd3 53. d7 $2 (53. Rd7 Kg5 54. Kh3 Rd1 55. Rd8 Kg6 56. Kg4 {
and white should win by centralising his king. Now the d-pawn completely
limits white's rook.}) 53... Kf5 54. Kf2 Ke4 55. Ke2 Rd6 56. Ra4+ Kf5 57. Ra5+
Ke4 58. Ra7 Kf5 59. Ke3 Rd1 60. Rb7 Ke5 61. Ke2 Rd4 62. g4 Re4+ 63. Kf3 Rd4 64.
Ke3 Re4+ 65. Kd3 Rd4+ 66. Kc3 Rd1 67. Kc4 (67. g5 Kf5 68. Kc4 Kxg5 69. Rb5+ Kf6
70. Rd5 Rxd5 71. Kxd5 Ke7 72. Kc6 Kd8) 67... Ke6 68. Ra7 Ke7 $1 (68... Rxd7 $4
69. Rxd7 Kxd7 70. Kd5 $18) 69. Kc5 Rd2 70. Kc6 Rd6+ 71. Kc5 Rd1 72. Rb7 Rd2 73.
g5 Rxd7 $1 1/2-1/2